10 największych stanów w USA (powierzchnia) - Statystyki

Ogólne statystyki
  • Ten quiz został rozwiązany 62 razy
  • Średni wynik to 7 z 10
Statystyki odpowiedzi
Powierzchnia (km2) Stan % Poprawnych
1 717 854 Alaska
95%
695 621 Teksas
91%
423 970 Kalifornia
88%
314 917 Nowy Meksyk
68%
293 254 Arizona
66%
254 805 Oregon
61%
380 838 Montana
59%
286 351 Nevada
59%
253 336 Wyoming
50%
269 601 Kolorado
46%
Nie znaleziono quizów pasujących do podanych kryteriów
Rozkład punktacji
Procent ludzi z każdym wynikiem
Percentyl według liczby udzielonych odpowiedzi
Twoja historia wyników
Nie rozwiązałeś tego quizu